| 000 | 00475nam a22001577a 4500 | ||
|---|---|---|---|
| 003 | OSt | ||
| 005 | 20151001101937.0 | ||
| 008 | 151001b xxu||||| |||| 00| 0 eng d | ||
| 040 | _cRUA | ||
| 082 | _aAGR SA 2005 B062 Or.1 | ||
| 100 |
_91658 _aSA, KENNVIDY. |
||
| 245 | _aL'EFFET DU PLAILLAGE PLASTIQUE SUR LE BROCOLI CHINOIS A` LA STATION EXPERIMENTALE DE L'UNIVERSITE D'AGRICULTURE. | ||
| 260 |
_aphnom phen _bRUA _c2005 |
||
| 300 |
_aV,41p. _bill. _c29cmm. |
||
| 942 |
_2ddc _cAGR |
||
| 999 |
_c1565 _d1565 |
||